• 首页
  • 本馆介绍
  • 公告通知
  • 最新文献
  • 馆藏检索
  • 电子资源
  • 读者导购
  • 参考咨询
  • 我的图书馆
  • 登录
  • 详细信息显示
  • 放入我的书架
  • 预约/预借图书
  • 作者相关作品
  • 分类相关作品
  • 丛书相关作品
  • 出版社相关作品

书目信息

  • 表格格式
  • 工作单格式
  • 卡片格式
题名:
著作权合理使用制度研究
    
 
作者: 吴汉东 著
分册:  
出版信息: 北京   中国政法大学出版社  1996
页数: 299页
开本: 20cm
丛书名: 中青年法学文库
单 册:
中图分类: D923.44
科图分类:
主题词: 著作权--研究--中国
电子资源:
ISBN: 7-5620-1521-X
000 00676nam2 2200241 45
001 0197024490
005 20040425105223.8
010    @a7-5620-1521-X@dCNY13
100    @a19970822d1996 kemy0chiy0121 ea
101 0  @achi
102    @aCN@b110000
105    @ay z 000yy
106    @ar
200 10 @a著作权合理使用制度研究@Azhu zuo quan he li shi yong zhi du yan jiu@f吴汉东著
210    @a北京@c中国政法大学出版社@d1996
215    @a299页@d20cm
225 2  @a中青年法学文库
410  0 @120010@a中青年法学文库
606    @a著作权@x研究@y中国
690    @aD923.44@v3
701  0 @a吴汉东@Awu han dong@4著
801  0 @aCN@bNLC@c19970904
905    @f1@b275532@dD923.44@e253
    
    著作权合理使用制度研究/吴汉东著.-北京:中国政法大学出版社,1996
    299页;20cm.-(中青年法学文库)
    
    
    ISBN 7-5620-1521-X:CNY13
    
●
相关链接 在E读中查询图书 在五车中查询图书 在当当中查询图书 在豆瓣中查询图书


正题名:著作权合理使用制度研究     索取号:D923.44/253         预约/预借

序号 登录号 条形码 馆藏地/架位号 状态 备注
1 0275531   001252548   第一样本阅览室/ [索取号:D923.44/253] 在馆    
2 0275532   001252557   密集书库/ [索取号:D923.44/253] 在馆    
唐山师范学院图书馆 欢迎您!
大连网信软件有限公司© 版权所有